MARC details
| 000 -LEADER |
| fixed length control field |
02011cam a2200565 a 4500 |
| 001 - CONTROL NUMBER |
| control field |
21697 |
| 003 - CONTROL NUMBER IDENTIFIER |
| control field |
VRT |
| 005 - DATE AND TIME OF LATEST TRANSACTION |
| control field |
20260309094248.0 |
| 008 - FIXED-LENGTH DATA ELEMENTS--GENERAL INFORMATION |
| fixed length control field |
240318s2016 xo a a 000 0 slo |
| 015 ## - NATIONAL BIBLIOGRAPHY NUMBER |
| National bibliography number |
SNBA2016/12 |
| 020 ## - INTERNATIONAL STANDARD BOOK NUMBER |
| International Standard Book Number |
9788081079306 |
| Qualifying information |
(viaz.) |
| 039 #9 - LEVEL OF BIBLIOGRAPHIC CONTROL AND CODING DETAIL [OBSOLETE] |
| Level of rules in bibliographic description |
202403182302 |
| Level of effort used to assign nonsubject heading access points |
VLOAD |
| Level of effort used to assign subject headings |
202201201858 |
| Level of effort used to assign classification |
AUTHORITY |
| Level of effort used to assign subject headings |
201911210806 |
| Level of effort used to assign classification |
AUTHORITY |
| Level of effort used to assign subject headings |
201705111426 |
| Level of effort used to assign classification |
msavuk02 |
| 040 ## - CATALOGING SOURCE |
| Original cataloging agency |
SLLK |
| Language of cataloging |
slo |
| Transcribing agency |
SLLK |
| Modifying agency |
SVKBB |
| -- |
SNK |
| Description conventions |
AACR2 |
| 041 1# - LANGUAGE CODE |
| Language code of text/sound track or separate title |
slo |
| Language code of original |
eng |
| 044 ## - COUNTRY OF PUBLISHING/PRODUCING ENTITY CODE |
| MARC country code |
xo |
| ISO country code |
SK |
| 072 #7 - SUBJECT CATEGORY CODE |
| Subject category code |
59 |
| Subject category code subdivision |
Zoológia |
| Source |
konspekt |
| 072 #7 - SUBJECT CATEGORY CODE |
| Subject category code |
0/9-053.2 |
| Subject category code subdivision |
Literatúra pre deti a mládež (náučná) |
| Source |
konspekt |
| 080 ## - UNIVERSAL DECIMAL CLASSIFICATION NUMBER |
| Universal Decimal Classification number |
592/599 |
| Edition identifier |
2011 |
| 080 ## - UNIVERSAL DECIMAL CLASSIFICATION NUMBER |
| Universal Decimal Classification number |
(0.05) |
| Edition identifier |
2011 |
| 080 ## - UNIVERSAL DECIMAL CLASSIFICATION NUMBER |
| Universal Decimal Classification number |
(0.025.2) |
| Edition identifier |
2011 |
| 100 1# - MAIN ENTRY--PERSONAL NAME |
| Personal name |
Martin, Ruth |
| Relationship |
aut |
| 240 10 - UNIFORM TITLE |
| Uniform title |
Little Explorers - Animal Kingdom |
| Language of a work |
Slovensky |
| 245 10 - TITLE STATEMENT |
| Title |
Svet zvierat |
| Remainder of title |
odokry okienka a preskúmaj svet zvierat skrz-naskrz |
| Statement of responsibility, etc. |
Ruth Martin, Allan Sanders ; [preklad z anglického vydania Jitka Madarásová] |
| 250 ## - EDITION STATEMENT |
| Edition statement |
1. slov. vyd. |
| 260 ## - PUBLICATION, DISTRIBUTION, ETC. |
| Place of publication, distribution, etc. |
Bratislava |
| Name of publisher, distributor, etc. |
Svojtka & Co. |
| Date of publication, distribution, etc. |
2016 |
| 300 ## - PHYSICAL DESCRIPTION |
| Extent |
[16] s. |
| Other physical details |
fareb. ilustr. |
| Dimensions |
23 cm |
| 490 1# - SERIES STATEMENT |
| Series statement |
Malý prieskumník |
| 500 ## - GENERAL NOTE |
| General note |
Názov z obalu |
| 500 ## - GENERAL NOTE |
| General note |
Kartónové listy s otváracími okienkami |
| 521 1# - TARGET AUDIENCE NOTE |
| Target audience note |
Pre deti od 3 rokov |
| 650 07 - SUBJECT ADDED ENTRY--TOPICAL TERM |
| Topical term or geographic name entry element |
zvieratá |
| Source of heading or term |
SNKPH |
| 650 07 - SUBJECT ADDED ENTRY--TOPICAL TERM |
| Topical term or geographic name entry element |
Animals |
| Source of heading or term |
SNKPHeng |
| 655 #7 - INDEX TERM--GENRE/FORM |
| Genre/form data or focus term |
publikácie pre deti |
| Source of term |
SNKPH |
| 655 #7 - INDEX TERM--GENRE/FORM |
| Genre/form data or focus term |
leporelá |
| Source of term |
SNKPH |
| 655 #7 - INDEX TERM--GENRE/FORM |
| Genre/form data or focus term |
Children's literature |
| Source of term |
SNKPHeng |
| 655 #7 - INDEX TERM--GENRE/FORM |
| Genre/form data or focus term |
Picture books for children |
| Source of term |
SNKPHeng |
| 700 1# - ADDED ENTRY--PERSONAL NAME |
| Personal name |
Sanders, Allan |
| Relationship |
aut |
| 700 1# - ADDED ENTRY--PERSONAL NAME |
| Personal name |
Madarásová, Jitka |
| Relationship |
trl |
| 830 #0 - SERIES ADDED ENTRY--UNIFORM TITLE |
| Uniform title |
Malý prieskumník |
| 910 ## - USER-OPTION DATA (OCLC) |
| User-option data |
sllk |
| 910 ## - USER-OPTION DATA (OCLC) |
| User-option data |
hevk |
| 910 ## - USER-OPTION DATA (OCLC) |
| User-option data |
pokpoh |
| 910 ## - USER-OPTION DATA (OCLC) |
| User-option data |
savuk |
| 942 ## - ADDED ENTRY ELEMENTS (KOHA) |
| Source of classification or shelving scheme |
Dewey Decimal Classification |
| Koha item type |
Odborná literatúra pre deti |
| Suppress in OPAC |
No |
| 949 ## - LOCAL PROCESSING INFORMATION (OCLC) |
| 6 |
270001000553118 |
| a |
svkbbA 148915 |
| b |
svkbbm 764290 |
| 949 ## - LOCAL PROCESSING INFORMATION (OCLC) |
| 6 |
2889324597 |
| a |
savukPV 23852 |
| b |
savuk2017/1503 |
| 949 ## - LOCAL PROCESSING INFORMATION (OCLC) |
| 6 |
17A1218220 |
| a |
snkSC 172087 |
| b |
snk2016/27171 |
| o |
2317/2016 |
| 949 ## - LOCAL PROCESSING INFORMATION (OCLC) |
| 6 |
17A1218221 |
| a |
snkSC 172087 D1 |
| b |
snk2016/27173 |
| o |
2317/2016+ 2 mpl 1/2020 |